[Event "Championnat de France 2014"]
[Site "Nimes"]
[Date "2014.08.17"]
[Round "1"]
[White "Gharamian, Tigran"]
[Black "Bacrot, Etienne"]
[Result "1-0"]
[WhiteElo "2657"]
[BlackElo "2720"]
[PlyCount "67"]
[EventDate "2014.??.??"]
[EventCountry "FRA"]

1. d4 Nf6 2. c4 g6 3. Nc3 Bg7 4. Nf3 O-O 5. g3 c5 6. Bg2 cxd4 7. Nxd4 Nc6 8.
O-O Qa5 9. Ncb5 a6 10. Nb3 Qd8 11. Nc3 d6 12. c5 dxc5 13. Qxd8 Rxd8 14. Nxc5
Nd7 15. N5a4 Nde5 $146 ({RR} 15... Rb8 16. Rd1 Nd4 17. e3 Ne6 18. Nd5 Kf8 19.
Nac3 b5 20. e4 Ndc5 21. Ne2 Bb7 22. Rb1 Rd7 23. Be3 Rbd8 24. Nec3 Bxc3 25. bxc3
Nxe4 26. Bxe4 Bxd5 27. Bxd5 Rxd5 28. Rxd5 Rxd5 29. a4 bxa4 30. c4 {Portisch,L 
(2630)-Larsen,B (2555) Mar del Plata 1982 0-1 (61)}) 16. Bf4 Bf5 17. Nc5 Rab8
18. Rad1 h6 19. h4 Rdc8 20. Nd5 a5 21. Nb6 Rc7 22. Nd5 Rcc8 23. Rfe1 b6 24. Na6
Rb7 25. Rc1 Nd4 26. Nf6+ Bxf6 27. Bxb7 Rd8 28. Bxh6 Rd7 29. Bg2 Ra7 30. Nc7 Bg4
31. Kf1 a4 32. Be3 Nd7 33. Bxd4 Bxd4 34. Nb5 1-0

[Event "Championnat de France 2014"]
[Site "Nimes"]
[Date "2014.08.17"]
[Round "1"]
[White "Fressinet, Laurent"]
[Black "Maze, Sebastien"]
[Result "1-0"]
[WhiteElo "2708"]
[BlackElo "2565"]
[PlyCount "85"]
[EventDate "2014.??.??"]
[EventCountry "FRA"]

1. Nf3 Nf6 2. g3 g6 3. b3 Bg7 4. Bb2 O-O 5. Bg2 d5 6. c4 c6 7. d3 Bg4 8. Nbd2
Nbd7 9. O-O a5 ({RR} 9... Bxf3 10. Nxf3 Re8 11. Rc1 a5 12. a3 Qb6 13. d4 Ne4
14. e3 e6 15. Qc2 f5 16. Ne1 Qa6 17. a4 b5 18. axb5 cxb5 19. c5 Nb8 20. Nd3 Nc6
21. Ra1 b4 22. Rfd1 g5 23. f3 Nf6 24. Nf2 {Mchedlishvili,M (2632)-Durarbayli,V
(2590) Dubai UAE 2014 1-0 (59)}) 10. a3 Re8 11. Ne5 $146 ({RR} 11. Qc2 e5 12.
e4 dxe4 13. dxe4 Qc7 14. c5 Bf8 15. b4 Bxf3 16. Nxf3 axb4 17. axb4 Rxa1 18.
Bxa1 b6 19. cxb6 Qxb6 20. Rc1 {1/2-1/2 (20) Smejkal,J (2570)-Kholmov,R (2550)
Sochi 1973}) ({RR} 11. h3 Bxf3 12. Nxf3 e6 13. Qc2 Nh5 14. d4 Nhf6 15. Nd2 a4
16. b4 b5 {1/2-1/2 (16) Znamenacek,K (2300)-Damjanovic,M (2325) Prague 1987})
11... Nxe5 12. Bxe5 Qd7 13. Nf3 a4 14. Rb1 Bh3 15. cxd5 Bxg2 16. Kxg2 Nxd5 17.
Bxg7 Kxg7 18. Qc1 axb3 19. Rxb3 Ra7 20. Qb2+ f6 21. Rc1 Rea8 22. h3 b5 23. e4
Nc7 24. d4 Ra4 25. Rd3 R8a6 26. Rcc3 Qd6 27. Qc1 Ne8 28. e5 Qd7 29. exf6+ Nxf6
30. Rc5 Qd6 31. Rdc3 b4 32. axb4 Ra1 33. Rxc6 Qxb4 34. Rxa6 Rxa6 35. Re3 Qd6
36. Qc5 Qxc5 37. dxc5 Kf8 38. Ne5 Ke8 39. Rb3 Nd7 40. c6 Nxe5 41. Rb8+ Kf7 42.
c7 Rc6 43. c8=Q 1-0

[Event "Championnat de France 2014"]
[Site "Nimes"]
[Date "2014.08.17"]
[Round "1"]
[White "Edouard, Romain"]
[Black "Bauer, Christian"]
[Result "0-1"]
[WhiteElo "2680"]
[BlackElo "2658"]
[PlyCount "95"]
[EventDate "2014.??.??"]
[EventCountry "FRA"]

1. e4 d5 2. exd5 Qxd5 3. Nc3 Qd6 4. d4 c6 5. Bc4 Nf6 6. h3 ({RR} 6. Nf3 Bg4 7.
h3 Bxf3 8. Qxf3 Qxd4 9. Bb3 e6 10. Bf4 Nbd7 11. O-O Bd6 12. Ne2 Ne5 13. Qg3 Qe4
14. Rfe1 Nh5 15. Qe3 Qxe3 16. Bxe3 O-O 17. Rad1 Rfd8 18. Nd4 Ng6 19. Bxe6 Bf4
20. Bxf4 Ngxf4 {Ponizil,C (2432)-Konopka,M (2412) Turnov CZE 2014 1-0 (54)})
6... Bf5 $146 ({RR} 6... Be6 7. Bb3 Na6 8. Nf3 Bxb3 9. axb3 e6 10. Bg5 Be7 11.
O-O Nb4 12. Bxf6 gxf6 13. Ne4 Qf4 14. Re1 h5 15. Ng3 Qc7 16. c3 Na6 17. b4
O-O-O 18. Qe2 Kb8 19. b5 cxb5 20. Qxb5 Ka8 21. Ra4 {Buchal,S (2295)-Alber,H 
(2335) Germany 1992 1-0 (64)}) 7. g4 Be6 8. Bb3 Bd5 9. Nxd5 cxd5 10. Nf3 Nc6
11. Qe2 e6 12. c3 Nd7 13. Be3 Be7 14. g5 Qc7 15. h4 Bd6 16. O-O-O O-O-O 17. Kb1
Na5 18. Bc2 Nc4 19. Bd3 Ndb6 20. Bc1 Kb8 21. h5 g6 22. b3 Na3+ 23. Kb2 Nd7 24.
Bd2 Rc8 25. Ne5 Nxe5 26. dxe5 Be7 27. Rh4 a6 28. Ra4 Qc5 29. Rb4 Qa5 30. Rf4
Nb5 31. Bxb5 axb5 32. Rxf7 Ba3+ 33. Kb1 b4 34. cxb4 Bxb4 35. Be3 gxh5 36. Rf6
Rc6 37. Rc1 Bc3 38. Qd3 Rhc8 39. Rf4 Qa3 40. Rc2 Bxe5 41. Ra4 Qxa4 42. bxa4
Rxc2 43. Bd4 Rc1+ 44. Kb2 R8c2+ 45. Kb3 Rc3+ 46. Bxc3 Rxc3+ 47. Qxc3 Bxc3 48.
Kxc3 0-1

[Event "Championnat de France 2014"]
[Site "Nimes"]
[Date "2014.08.17"]
[Round "1"]
[White "Degraeve, Jean-Marc"]
[Black "Dorfman, Iossif"]
[Result "1/2-1/2"]
[WhiteElo "2566"]
[BlackElo "2571"]
[PlyCount "82"]
[EventDate "2014.??.??"]
[EventCountry "FRA"]

1. e4 c5 2. f4 g6 3. Nf3 Bg7 4. Nc3 d6 5. Bc4 Nc6 6. O-O e6 7. d3 Nge7 8. Qe1
h6 9. Bb3 a6 10. Kh1 $146 ({RR} 10. a4 Rb8 11. Qg3 Nd4 12. Nxd4 cxd4 13. Ne2 b5
14. axb5 axb5 15. Qf2 Qb6 16. f5 exf5 17. exf5 gxf5 18. Ng3 Be5 19. Bf4 Be6 20.
Rae1 Qc7 21. Nh5 Kd7 22. Re2 Rbf8 23. Bxe6+ fxe6 24. c3 Bxf4 {Anand,V (2650)
-Gelfand,B (2665) Reggio Emilia 1992 1/2-1/2 (44)}) ({RR} 10. e5 d5 11. Ne2 Na5
12. Bd2 Nec6 13. c3 Nxb3 14. axb3 b6 15. d4 Bf8 16. Be3 a5 17. Qf2 Ba6 18. Rfd1
c4 19. bxc4 Bxc4 20. Nd2 Ba6 21. Qf3 Rc8 22. Bf2 Be7 23. Nf1 h5 24. Ne3 Qd7 {
Al Modiahki,M (2549)-Ivanchuk,V (2753) Riga LAT 2014 0-1 (52)}) 10... Na5 11.
Bd2 b6 12. Nd1 Nxb3 13. axb3 O-O 14. Bc3 f6 15. b4 Qc7 16. bxc5 dxc5 17. Ne3 b5
18. b3 Bb7 19. Qg3 Rae8 20. Rae1 Bc8 21. Ba1 g5 22. fxg5 Qxg3 23. hxg3 hxg5 24.
g4 e5 25. Nd2 Nc6 26. Nb1 Be6 27. Rf2 Rd8 28. Rd2 Rf7 29. Bb2 Rfd7 30. Red1 Bf8
31. Rf1 Be7 32. Rdf2 Kg7 33. g3 Nb4 34. Kg2 Rc8 35. Nd2 Bd8 36. Kf3 Kg6 37. Rh2
Rh7 38. Rxh7 Kxh7 39. Ke2 Nc6 40. Ra1 a5 41. c4 Rb8 1/2-1/2

[Event "Championnat de France 2014"]
[Site "Nimes"]
[Date "2014.08.17"]
[Round "1"]
[White "Cornette, Matthieu"]
[Black "Roser, Kevin"]
[Result "1-0"]
[WhiteElo "2533"]
[BlackElo "2400"]
[PlyCount "89"]
[EventDate "2014.??.??"]
[EventCountry "FRA"]

1. e4 c5 2. Nf3 e6 3. d4 cxd4 4. Nxd4 Nc6 5. Nc3 Qc7 6. Be3 a6 7. Qd2 Nf6 8. f4
Bb4 9. Bd3 Na5 10. a3 Bxc3 11. Qxc3 Qxc3+ 12. bxc3 d5 13. e5 Ne4 14. Nb3 Nc4
15. Bxc4 dxc4 16. Na5 Bd7 17. Bd4 Rc8 18. Rb1 b5 $146 ({RR} 18... Ba4 19. Rxb7
O-O 20. Kd1 Nc5 21. Rb6 Nd3 22. Rf1 Nc5 23. Kc1 Bb5 24. Bxc5 Rxc5 25. Rd1 g5
26. g3 Rc7 27. h4 Kg7 28. fxg5 Kg6 29. g4 Rfc8 30. Rf1 Rc5 31. Nb7 Rxe5 32. Nd6
Rf8 33. Rf6+ {Melia,S (2454)-Girya,O (2493) Plovdiv BUL 2014 1-0 (44)}) 19. Ke2
Ke7 20. Rbd1 f5 21. exf6+ gxf6 22. Rhe1 h5 23. Kf3 Nc5 24. Rd2 Nb7 25. Bb6 Nxa5
26. Bxa5 Bc6+ 27. Kf2 Rcg8 28. Bb4+ Kf7 29. Rd6 Rxg2+ 30. Kf1 Ba8 31. Rexe6
Rhg8 32. Rxf6+ Ke8 33. f5 Rg1+ 34. Kf2 R8g2+ 35. Ke3 Re1+ 36. Kd4 Rd1+ 37. Kc5
Rxd6 38. Kxd6 Rd2+ 39. Kc7 Rd7+ 40. Kb8 Rd8+ 41. Ka7 Bd5 42. Kxa6 Bf7 43. Kxb5
Rd2 44. Rb6 Rd5+ 45. Kc6 1-0

[Event "Championnat de France 2014"]
[Site "Nimes"]
[Date "2014.08.17"]
[Round "1"]
[White "Chabanon, Jean-Luc"]
[Black "Sokolov, Andrei"]
[Result "1/2-1/2"]
[WhiteElo "2485"]
[BlackElo "2556"]
[PlyCount "85"]
[EventDate "2014.??.??"]
[EventCountry "FRA"]

1. d4 Nf6 2. c4 e6 3. Nc3 Bb4 4. f3 c5 5. d5 O-O 6. e4 d6 7. Nge2 exd5 8. cxd5
Nbd7 9. g4 $146 ({RR} 9. Ng3 Ne5 10. Be2 Bd7 11. O-O c4 12. Bg5 h6 13. Be3 Rc8
14. h3 Bc5 15. Bxc5 Rxc5 16. f4 Ng6 17. Qd4 Qb6 18. Kh1 Rcc8 19. Qxb6 axb6 20.
Nh5 Ne8 21. g4 b5 22. a3 Nc7 23. Ng3 Ra8 {Goczan,L-Titz,H (2290) Eger 1987 0-1
(58)}) ({RR} 9. Ng3 Ne5 10. Be2 a6 11. O-O Rb8 12. a4 Re8 13. Kh1 Bd7 14. Be3
Ba5 15. Qd2 Ng6 16. Rfe1 Re5 17. Bd3 b5 18. axb5 axb5 19. Bg5 c4 20. Bf1 Bb6
21. f4 Rxg5 22. fxg5 Ng4 23. Nd1 h6 {Volkov,S (2584)-Tunik,G (2430) Kazan RUS
2014 0-1 (52)}) 9... Nxe4 10. fxe4 Qh4+ 11. Ng3 Nf6 12. Bg2 Nxg4 13. Bf4 Nf2
14. Kxf2 Qxf4+ 15. Bf3 Bh3 16. Qc1 Qh4 17. Nce2 c4 18. Qf4 Bc5+ 19. Ke1 Qd8 20.
Kd2 Qa5+ 21. Nc3 Qb6 22. Kc2 Bd4 23. Nge2 Be5 24. Qh4 Bd7 25. Bg4 Bb5 26. Raf1
Rae8 27. Rf3 Qc5 28. Rhf1 Ba6 29. Rxf7 Rxf7 30. Be6 Bf6 31. Bxf7+ Kxf7 32.
Rxf6+ gxf6 33. Qxh7+ Kf8 34. Nf4 Qf2+ 35. Nce2 Re5 36. Ng6+ Ke8 37. Qg8+ Kd7
38. Nxe5+ fxe5 39. Qe6+ Kc7 40. Qe7+ Kc8 41. Qe8+ Kc7 42. Qe7+ Kc8 43. Qe8+
1/2-1/2

[Event "Championnat de France 2014"]
[Site "Nimes"]
[Date "2014.08.18"]
[Round "2"]
[White "Bacrot, Etienne"]
[Black "Maze, Sebastien"]
[Result "1-0"]
[WhiteElo "2720"]
[BlackElo "2565"]
[PlyCount "81"]
[EventDate "2014.??.??"]
[EventCountry "FRA"]

1. Nf3 Nf6 2. c4 g6 3. Nc3 Bg7 4. e4 d6 5. d4 O-O 6. Be2 Na6 7. O-O e5 8. Be3
Ng4 9. Bg5 Qe8 10. Re1 exd4 11. Nd5 f6 12. Bf4 d3 13. Bxd3 Ne5 14. Bxe5 (14.
Nd4 c6 15. Nc3 Nc5 16. Bf1 Qf7 17. Bg3 a5 18. Na4 Nxa4 19. Qxa4 f5 20. exf5
gxf5 21. Bf4 Ng6 22. Bxd6 Bxd4 23. c5 Qf6 24. Rad1 Be5 25. Bxf8 Kxf8 26. Qb3
Rb8 27. Bc4 f4 28. Qb6 Bg4 29. f3 Bf5 30. Qa7 Qg7 31. Qxb8+ {1-0 (31) Savina,A
(2404)-Skripchenko,A (2464) Plovdiv BUL 2010}) 14... dxe5 15. c5 Rf7 16. Bxa6
bxa6 17. c6 Rb8 18. Qc2 Bf8 19. Red1 Be6 20. Rac1 Rb5 21. Qe2 Qb8 22. b3 Bd6
23. Nc3 Rb6 24. Na4 Rb5 25. Nd2 Qc8 26. h3 Kg7 27. Nc4 Bf8 28. Ncb2 h5 29. Nd3
Kh7 30. Ndc5 f5 31. Nxe6 Qxe6 32. exf5 Qxf5 33. Nc3 Rb4 34. Rd5 Rf4 35. Rxe5
Qc8 36. Ne4 Bh6 37. Rd1 Qh8 38. Re6 R4f5 39. g3 Qg7 40. h4 a5 41. Kg2 1-0

[Event "Championnat de France 2014"]
[Site "Nimes"]
[Date "2014.08.18"]
[Round "2"]
[White "Gharamian, Tigran"]
[Black "Cornette, Matthieu"]
[Result "1/2-1/2"]
[WhiteElo "2657"]
[BlackElo "2533"]
[PlyCount "82"]
[EventDate "2014.??.??"]
[EventCountry "FRA"]

1. d4 d5 2. c4 dxc4 3. e4 b5 4. a4 c6 5. axb5 cxb5 6. Nc3 a6 7. Nxb5 axb5 8.
Rxa8 Bb7 9. Ra1 e6 10. f3 (10. Nf3 Bxe4 11. Be2 Nf6 12. O-O Nc6 13. b3 Be7 14.
bxc4 bxc4 15. Bxc4 O-O 16. Ng5 Nxd4 17. Be3 Nf5 18. Qxd8 Rxd8 19. Nxe4 Nxe4 20.
Bb6 Rb8 21. Ba7 Rc8 22. Bd3 Nf6 23. Rfc1 Rd8 24. Bxf5 exf5 25. Bb6 Rb8 26. Bc7
Rc8 27. Be5 Re8 28. Re1 Bb4 29. Reb1 Rxe5 30. Rxb4 Kf8 31. g3 g6 32. Ra8+ Re8
33. Ra7 Nd5 34. Rd4 Nf6 35. Rc4 Kg7 36. Rcc7 Rf8 37. Rcb7 Nd5 38. Kg2 Nf6 39.
Kf3 Ng4 40. h3 Nf6 41. Rb5 h5 42. Rba5 Rd8 43. Rb7 Rd3+ 44. Ke2 Rd8 45. Raa7
Re8+ 46. Kf3 Rf8 47. Re7 Nd5 48. Red7 Nf6 49. Rdb7 Nd5 50. Rd7 {1/2-1/2 (50)
Wojtaszek,R (2715)-Nakamura,H (2775) Dubai UAE 2014}) (10. Be2 Nf6 11. Nf3 Nxe4
12. O-O Qd5 13. Ne1 Nc6 14. Nc2 Bd6 15. Bf3 Bb8 16. Re1 f5 17. Bxe4 fxe4 18.
Qg4 O-O 19. Qxe4 Qxe4 20. Rxe4 e5 21. dxe5 Bxe5 22. Rb1 Bf6 23. Re2 Bc8 24. b3
Bg4 25. Kf1 c3 26. Be3 Ra8 27. Bc5 Ra2 28. f3 Bf5 29. Rc1 Bd3 30. b4 Bg5 {0-1 
(30) Hammer,J (2612)-Edouard,R (2653) Hinckley ENG 2014}) 10... f5 (10... Nf6
11. Ne2 Nc6 12. Be3 Na5 (12... Bb4+ 13. Kf2 Qb6 14. Qc1 Na5 15. d5 Qd6 16. Nd4
O-O 17. Nxb5 Qd7 18. Nd4 exd5 19. e5 Ne8 20. Qc2 Nc6 21. Nxc6 Bxc6 22. Ra7 Qe6
23. Qd1 f6 24. exf6 Nxf6 25. Bd4 Bd7 26. Kg1 Qe7 27. Ra1 Bc5 28. Qd2 Nh5 29.
Qf2 Bxd4 30. Qxd4 Nf4 31. h4 Kh8 32. Ra7 h6 33. Ra1 Bc6 34. Kf2 Ne6 35. Qb6 Qd6
36. Re1 Nc5 37. Qa7 Ne4+ 38. Kg1 Qg3 39. Re2 Rxf3 40. Rh3 Rxf1+ 41. Kxf1 Qf4+
42. Kg1 Qc1+ 43. Kh2 Qf4+ 44. Kg1 Qc1+ 45. Kh2 Qf4+ 46. g3 Qf1 47. Rg2 Qf5 48.
Qb8+ Kh7 49. g4 Qf1 50. g5 hxg5 51. hxg5+ Kg6 52. Qe5 Qf5 53. Rh6+ gxh6 54.
gxh6+ Ng5 55. Qxf5+ Kxf5 56. Rxg5+ {1-0 (56) Anton Guijarro,D (2626)-Colovic,A
(2479) Llucmajor ESP 2014}) 13. Nc1 Nc6 14. Kf2 Qb6 15. Ne2 e5 16. Qd2 Bb4 17.
d5 Qd8 18. Qc2 Na5 19. Nc3 Ba6 20. Bxc4 Nxc4 21. Rxa6 O-O 22. Rha1 Nd7 23. Ba7
Nc5 24. Nxb5 Qh4+ 25. Kg1 Ne3 26. Qf2 Qxf2+ 27. Kxf2 Nc2 28. R1a2 f5 29. Ke2
Nxa6 30. Rxa6 fxe4 31. fxe4 Rf7 32. Bf2 Rf4 33. g3 Rf8 34. Rc6 Na1 35. Rc4 Be7
36. Rc7 Bf6 37. Nd6 Nb3 38. Rc8 Rxc8 39. Nxc8 Kf7 40. Kd3 Bg5 41. Nd6+ {1-0 
(41) Zakhartsov,V (2541)-Bauer,C (2628) Metz FRA 2014}) 11. exf5 Ne7 12. Ra7
Qb6 13. Rxb7 Qxb7 14. fxe6 Nf5 15. g4 Bb4+ 16. Kf2 Ne7 17. b3 {[%csl Gd5,Yf1,
Yf2,Yg1,Yh1][%cal Gb2b3]} Qd5 18. bxc4 bxc4 19. Be3 (19. Qa4+ Nec6 20. Kg2 Qxd4
21. Ne2 Qc5 22. Ng3 O-O 23. Ne4 Qd5 24. Be2 Qxe6 25. Ba3) 19... Qxe6 20. Nh3
Nd5 21. Qc1 c3 22. Bc4 Qc6 23. Bb3 Nd7 24. Re1 O-O 25. Qc2 N7f6 26. Kg1 Kh8 27.
Bf2 Bd6 28. g5 Nb4 29. Qf5 c2 30. Rc1 Ne8 31. Qe4 Qxe4 32. fxe4 Rf3 33. Be6
Rxh3 34. Bxh3 Bf4 35. Ra1 Bxg5 36. Bd7 Nf6 37. e5 Ng8 38. Kg2 c1=Q 39. Rxc1
Bxc1 40. Kf3 Ne7 41. Ke4 g5 1/2-1/2

[Event "Championnat de France 2014"]
[Site "Nimes"]
[Date "2014.08.18"]
[Round "2"]
[White "Sokolov, Andrei"]
[Black "Fressinet, Laurent"]
[Result "1/2-1/2"]
[WhiteElo "2556"]
[BlackElo "2708"]
[PlyCount "82"]
[EventDate "2014.??.??"]
[EventCountry "FRA"]

1. e4 c6 2. d4 d5 3. exd5 cxd5 4. c4 Nf6 5. Nc3 Nc6 6. cxd5 Nxd5 7. Nf3 g6 8.
Bc4 Nxc3 9. bxc3 Bg7 10. O-O O-O 11. Re1 Bg4 12. Rb1 Rc8 13. Be2 Na5 14. Bd2 b6
15. h3 Bf5 16. Rc1 Qd5 17. Ba6 Rc6 18. c4 Qd8 19. Bb4 Rc7 20. Bb5 Nb7 21. Ne5
Bxe5 22. Rxe5 Nd6 23. a4 Bc8 24. c5 Nf5 25. d5 a5 26. Ba3 bxc5 27. Qd2 Nd4 28.
Rce1 f6 29. R5e3 Qxd5 30. Qxa5 Nxb5 31. axb5 Rd7 32. Rxe7 Bb7 33. f3 Qd4+ 34.
Kh1 Rf7 35. Re8+ Kg7 36. b6 Bxf3 37. Qxc5 Qh4 38. Kg1 Bb7 39. R8e7 Qg3 40.
Rxf7+ Rxf7 41. Re2 g5 1/2-1/2

[Event "Championnat de France 2014"]
[Site "Nimes"]
[Date "2014.08.19"]
[Round "3"]
[White "Fressinet, Laurent"]
[Black "Dorfman, Iossif"]
[Result "1-0"]
[WhiteElo "2708"]
[BlackElo "2571"]
[PlyCount "57"]
[EventDate "2014.??.??"]
[EventCountry "FRA"]

1. d4 Nf6 2. c4 g6 3. g3 c6 4. Bg2 d5 5. Qa4 Nfd7 6. Qc2 Nb6 $146 ({RR} 6...
dxc4 7. Qxc4 Nb6 8. Qd3 Na6 9. Nf3 Bg7 10. O-O O-O 11. Rd1 c5 12. Nc3 Bf5 13.
e4 cxd4 14. exf5 dxc3 15. Qe2 Qc8 16. fxg6 hxg6 17. bxc3 Na4 18. Bd2 Nxc3 19.
Bxc3 Qxc3 20. Rab1 Qc7 21. Ng5 {Vachier Lagrave,M (2742)-Volokitin,A (2683)
Muelheim GER 2013 1-0 (45)}) ({RR} 6... dxc4 7. Qxc4 Nb6 8. Qd3 Bg7 9. Nf3 Bf5
10. Qa3 Qd6 11. Bf4 Qxa3 12. Nxa3 Be4 13. O-O-O N8d7 14. Ne1 Bxg2 15. Nxg2 Nd5
16. Kb1 Nxf4 17. Nxf4 e5 18. dxe5 Nxe5 19. Nd3 O-O-O 20. Nxe5 Bxe5 21. Kc2 {
Dubov,D (2641)-Areshchenko,A (2714) Hamburg GER 2014 1/2-1/2}) ({RR} 6... dxc4
7. Qxc4 Bg7 8. Nf3 O-O 9. O-O e5 10. dxe5 Nxe5 11. Nxe5 Bxe5 12. Nc3 Qe7 13.
Bf4 Be6 14. Qe4 Bg7 15. Rad1 Rd8 16. Bh3 Rxd1 17. Rxd1 f5 18. Qc2 Nd7 19. e4
Qf7 20. exf5 Bxf5 21. Bxf5 {Akopian,V (2681)-Mamedov,R (2647) Warsaw POL 2013
1/2-1/2 (52)}) ({RR} 6... dxc4 7. Nf3 Bg7 8. O-O Nb6 9. Rd1 Na6 10. a3 O-O 11.
h3 Bd7 12. Nc3 Qc8 13. Kh2 c5 14. d5 Nc7 15. e4 e6 16. d6 Nb5 17. Nxb5 Bxb5 18.
a4 Bc6 19. a5 Nd7 20. Qxc4 b5 21. Qe2 {Sargissian,G (2676)-Nepomniachtchi,I 
(2721) Antalya TUR 2013 1/2-1/2 (41)}) 7. c5 N6d7 8. Nf3 e5 9. Nxe5 Nxe5 10.
dxe5 Na6 11. O-O Bf5 12. e4 dxe4 13. Be3 Qd3 14. Qc1 O-O-O 15. Na3 Be7 16. Nc4
Nxc5 17. Nd6+ Bxd6 18. exd6 Ne6 19. Rd1 Qb5 20. h3 h5 21. Qc3 c5 22. b4 Qxb4
23. d7+ Kb8 24. Qe5+ Ka8 25. Rab1 Qa4 26. Rd6 $1 (26. g4 $5 hxg4 27. hxg4 Bxg4
28. Bxe4 Rb8 29. Bxb7+ Rxb7 30. Qxh8+ $18) 26... Qxa2 27. Ra1 Qc4 28. Bf1 Qb4
29. Rxe6 1-0

[Event "Championnat de France 2014"]
[Site "Nimes"]
[Date "2014.08.19"]
[Round "3"]
[White "Edouard, Romain"]
[Black "Gharamian, Tigran"]
[Result "1-0"]
[WhiteElo "2680"]
[BlackElo "2657"]
[PlyCount "87"]
[EventDate "2014.??.??"]
[EventCountry "FRA"]

1. e4 c5 2. Nf3 e6 3. d4 cxd4 4. Nxd4 Nc6 5. Nc3 Nf6 $146 ({RR} 5... d6 6. Be3
Nf6 7. Be2 Be7 8. O-O O-O 9. f4 Bd7 10. g4 Nxd4 11. Bxd4 Bc6 12. Qd3 Nd7 13.
Qg3 e5 14. Be3 Bh4 15. Qh3 exf4 16. Bxf4 Bf6 17. Qe3 Re8 18. Bc4 Ne5 19. Bxe5
Rxe5 20. Rad1 {Krug,P-Malich,B Weimar 1968 0-1 (42)}) ({RR} 5... d6 6. Be2 Nf6
7. Be3 Be7 8. f4 O-O 9. O-O Bd7 10. g4 Nxd4 11. Bxd4 Bc6 12. Bd3 Re8 13. g5 Nd7
14. Qh5 g6 15. Qh6 Bf8 16. Qh4 e5 17. Be3 exf4 18. Qxf4 Ne5 19. Bd4 Qd7 20. Nd5
{Pontes,A (1973)-Mendonca,M (2315) Registro BRA 2013 0-1}) 6. a3 Be7 7. Be2 d6
8. Be3 O-O 9. O-O Bd7 10. f4 Nxd4 (10... a6 11. Qe1 Rc8 12. Rd1 Nxd4 13. Bxd4
Bc6 14. Qg3 Qc7 15. Kh1 Rfd8 16. Bd3 b5 17. Rde1 Qb7 18. b4 Rc7 19. Re3 g6 20.
Qh3 Rdc8 21. Nd1 Nh5 22. c3 Bd7 23. e5 Bc6 24. f5 dxe5 25. Bxe5 exf5 26. Bxf5
Bg5 27. Bxc8 Rxc8 28. Ree1 Rd8 29. Qg4 Bh6 30. Bd4 Bg7 31. Ne3 Bd7 32. Qh4 Rc8
33. Bxg7 Nxg7 34. Qe7 f5 35. Ng4 Bc6 36. Nh6+ Kh8 37. Nf7+ Kg8 38. Qxb7 Bxb7
39. Nd6 Rc7 40. Nxb7 Rxb7 41. Rf3 Kf7 42. Rd1 Ne6 43. Re3 Ng5 44. Rd6 Ra7 45.
Red3 Ke7 46. Kg1 Ne4 47. Rc6 a5 48. h3 axb4 49. cxb4 {1-0 (49) Ivanchuk,V 
(2781)-Radjabov,T (2744) Bilbao 2008}) 11. Qxd4 Bc6 12. Rad1 (12. Bf3 Qc7 13.
Kh1 e5 14. Qc4 exf4 15. Bxf4 Rac8 16. Rad1 Nd7 17. Qd4 Ne5 18. Bxe5 dxe5 19.
Qxa7 b5 20. Qxc7 Rxc7 21. Nd5 Bxd5 22. Rxd5 b4 23. axb4 Rxc2 24. b5 Rxb2 25.
Rxe5 Bf6 26. Rc5 Rb8 27. e5 Be7 28. Rc7 Bd8 29. Rd7 R2xb5 30. Bd5 Kh8 31. Rdxf7
Be7 32. Rxe7 Rxd5 33. h3 h6 34. Rff7 Rg8 35. Kh2 Rd3 36. h4 Re3 37. g3 Kh7 38.
h5 Re4 39. Kh3 Re3 40. Kg4 Re4+ 41. Kf3 Re1 42. Kf2 Re4 43. Rf4 Rxf4+ 44. gxf4
Rf8 45. Kf3 Kg8 46. Ke4 Ra8 47. Kf5 Ra1 48. Rb7 Kf8 49. Ke6 Ra6+ 50. Kd7 Ra5
51. Rb8+ Kf7 52. e6+ {1-0 (52) Zhang Zhong (2634)-Li Ruofan (2417) Manila 2007}
) 12... a6 13. g4 d5 14. e5 Nd7 15. Qd2 Kh8 16. Bd4 f6 17. exf6 Bxf6 18. Bxf6
Qxf6 19. Qe3 Qg6 20. Qh3 e5 21. Bd3 e4 22. Be2 Qf7 23. g5 Rad8 24. Bg4 Nc5 25.
Rd4 Qc7 26. Qe3 Qe7 27. f5 Qe5 28. Rf2 g6 29. f6 {15-2'30"} h5 30. Bh3 Rd6 31.
Ne2 Be8 32. b4 Ne6 {3'30"-0'29"} 33. Bxe6 Qxe6 34. Qg3 Rd7 35. Nf4 Qb6 36. Rxd5
Rxd5 37. Nxd5 Qd4 38. Qd6 Rf7 39. Qe6 Bb5 40. Ne7 Qd1+ 41. Kg2 Bd7 42. Nxg6+
Kg8 43. Ne7+ Kf8 44. Qxe4 1-0

[Event "Championnat de France 2014"]
[Site "Nimes"]
[Date "2014.08.19"]
[Round "3"]
[White "Degraeve, Jean-Marc"]
[Black "Roser, Kevin"]
[Result "1-0"]
[WhiteElo "2566"]
[BlackElo "2400"]
[PlyCount "89"]
[EventDate "2014.??.??"]
[EventCountry "FRA"]

1. e4 c5 2. Nf3 e6 3. g3 Nc6 4. Bg2 Nf6 5. d3 d6 6. O-O Be7 7. Re1 e5 8. c3 O-O
9. h3 ({RR} 9. Na3 a6 10. Nc2 b5 11. d4 Qb6 12. d5 Na5 13. Nh4 Bg4 14. Bf3 Bd7
15. b3 b4 16. c4 Nb7 17. Nf5 Qd8 18. Bg5 a5 19. Nce3 h6 20. Bh4 Kh7 21. g4 g6
22. Nxe7 Qxe7 23. Bg2 g5 {Zeier,K (2253)-Raddatz,M (2044) Reykjavik ISL 2014
1-0 (48)}) 9... Re8 10. d4 exd4 $146 ({RR} 10... Qc7 11. dxc5 dxc5 12. Nbd2 h6
13. Nf1 Be6 14. Qc2 c4 15. Ne3 Bc5 16. Bf1 Na5 17. Nd2 a6 18. b4 cxb3 19. axb3
Rac8 20. b4 Bxe3 21. Rxe3 Nc4 22. Bxc4 Bxc4 23. Ra5 Qd6 24. Kg2 Bb5 25. Qb3 {
Hindle,O-Matanovic,A Vrnjacka Banja 1967 0-1 (36)}) 11. cxd4 d5 12. exd5 Nxd5
13. dxc5 Ndb4 14. Qxd8 Rxd8 15. Na3 Nd3 16. Re2 Bxc5 17. Be3 Bxe3 18. fxe3 Be6
19. Nb5 Rac8 20. b3 a6 21. Nbd4 Nxd4 22. Nxd4 Bd5 23. e4 Be6 24. Nxe6 fxe6 25.
e5 b5 26. Bb7 Rb8 27. Bf3 Kf7 28. Rf1 Ke7 29. Be4 g6 30. Bg2 a5 31. h4 b4 32.
Rf3 Nc5 33. Rf4 Rbc8 34. h5 g5 35. Rf6 Rf8 36. Rh6 Rf7 37. Rc2 Rc7 38. Be4 Kd8
39. Bxh7 Nd7 40. Rxc7 Kxc7 41. Be4 Nxe5 42. Rxe6 Ng4 43. h6 Nf6 44. Bg6 Rf8 45.
h7 1-0

[Event "Championnat de France 2014"]
[Site "Nimes"]
[Date "2014.08.19"]
[Round "3"]
[White "Maze, Sebastien"]
[Black "Sokolov, Andrei"]
[Result "1-0"]
[WhiteElo "2565"]
[BlackElo "2556"]
[PlyCount "77"]
[EventDate "2014.??.??"]
[EventCountry "FRA"]

1. e4 c5 2. Nc3 e6 3. g3 Nc6 4. Bg2 Nf6 5. Nge2 d5 6. exd5 exd5 7. d4 cxd4 8.
Nxd4 Bc5 $146 ({RR} 8... Be6 9. O-O Bc5 10. Be3 Nxd4 11. Bxd4 Bxd4 12. Qxd4 Qb6
13. Qxb6 axb6 14. Rfd1 Ke7 15. Rd4 Rhc8 16. Rad1 Rc5 17. Bxd5 Bxd5 18. Nxd5+
Nxd5 19. Rxd5 Rxd5 20. Rxd5 Ra5 21. Rxa5 bxa5 22. Kf1 Kd6 23. Ke2 {Fridlizius,
J-Richter,F Gothenburg 1909 1-0 (35)}) ({RR} 8... Be7 9. Be3 O-O 10. O-O Bg4
11. Qd3 Qd7 12. Rfe1 Rad8 13. Bg5 h6 14. Bf4 Bc5 15. Nxc6 bxc6 16. Na4 Bb4 17.
c3 Be7 18. Qd4 Bf5 19. Nc5 Bxc5 20. Qxc5 Ne4 21. Qa5 Ng5 22. Bxg5 hxg5 23. c4 {
Klaman,K-Konstantinopolsky,A Moscow 1960 1/2-1/2 (39)}) ({RR} 8... Bb4 9. Qd3
O-O 10. O-O Ne5 11. Qb5 Bxc3 12. bxc3 a6 13. Qb4 Ne4 14. Bf4 Ng6 15. Be3 Re8
16. Rfd1 Qc7 17. Ne2 Qe5 18. Rd4 a5 19. Qb5 Bg4 20. Rxd5 Qe7 21. Bd4 Nd2 22.
Be3 Nf3+ 23. Kh1 {Caruso,A-Moncelli,G Rome 1980 0-1 (42)}) 9. Qe2+ Qe7 10.
Qxe7+ Kxe7 11. Nb3 Bb4 12. Bd2 Rd8 13. O-O-O Bg4 14. f3 Bf5 15. a3 d4 16. axb4
dxc3 17. Bxc3 Nd5 18. Nd4 Nxc3 19. Nxf5+ Kf6 20. bxc3 Kxf5 21. f4 Kf6 22. Kb2
Rac8 23. Kb3 Rxd1 24. Rxd1 Ke7 25. Bd5 Rc7 26. c4 b6 27. c3 Nb8 28. g4 h6 29.
h4 Nd7 30. Re1+ Kf8 31. g5 hxg5 32. hxg5 g6 33. Ka4 f6 34. Kb5 fxg5 35. fxg5
Nb8 36. Re6 Kg7 37. Be4 Nd7 38. Rxg6+ Kf8 39. Rc6 1-0